Practical approach to exergy and thermoeconomic analyses of industrial processes (Record no. 71643)

000 -LEADER
fixed length control field 00585nam a22001817a 4500
003 - CONTROL NUMBER IDENTIFIER
control field NUST - PNEC
005 - DATE AND TIME OF LATEST TRANSACTION
control field 20170116181206.0
008 - FIXED-LENGTH DATA ELEMENTS--GENERAL INFORMATION
fixed length control field 161104b xxu||||| |||| 00| 0 eng d
020 ## - INTERNATIONAL STANDARD BOOK NUMBER
International Standard Book Number 9781447146216
040 ## - CATALOGING SOURCE
Transcribing agency PNEC
082 ## - DEWEY DECIMAL CLASSIFICATION NUMBER
Classification number 621.4021 QUE
100 ## - MAIN ENTRY--PERSONAL NAME
9 (RLIN) 16838
Personal name Querol, Enrique
245 ## - TITLE STATEMENT
Title Practical approach to exergy and thermoeconomic analyses of industrial processes
Remainder of title Springer briefs in energy
Statement of responsibility, etc. Enrique Querol
260 ## - PUBLICATION, DISTRIBUTION, ETC.
Place of publication, distribution, etc. London:
Name of publisher, distributor, etc. Springer London Heidelberg,
Date of publication, distribution, etc. c.2013
300 ## - PHYSICAL DESCRIPTION
Extent 84 pages
650 ## - SUBJECT ADDED ENTRY--TOPICAL TERM
9 (RLIN) 16839
Topical term or geographic name entry element Exergy, Engineering economy
General subdivision ME
942 ## - ADDED ENTRY ELEMENTS (KOHA)
Source of classification or shelving scheme
Koha item type Book
Holdings
Withdrawn status Lost status Source of classification or shelving scheme Damaged status Not for loan Permanent Location Current Location Shelving location Date acquired Source of acquisition Cost, normal purchase price Total Checkouts Full call number Barcode Date last seen Cost, replacement price Price effective from Koha item type
          Pakistan Navy Engineering College (PNEC) Pakistan Navy Engineering College (PNEC)   02/25/2016 ZS Book agency/Library grant 5556.00   621.4021 QUE PNECLIB-032675 11/04/2016 5556.00 02/25/2016 Book
© 2023 Central Library, National University of Sciences and Technology. All Rights Reserved.